University Home | Library Home | Institutional Repository

Studies in the intellectual history of Tokugawa Japan. (Record no. 118406)

MARC details
000 -LEADER
fixed length control field 00467cam9a220016900 4500
001 - CONTROL NUMBER
control field tmp15926555
003 - CONTROL NUMBER IDENTIFIER
control field UPRA
005 - DATE AND TIME OF LATEST TRANSACTION
control field 20190821142101.0
008 - FIXED-LENGTH DATA ELEMENTS--GENERAL INFORMATION
fixed length control field 951113n xx eng u
035 ## - SYSTEM CONTROL NUMBER
System control number (Sirsi) r49229
035 ## - SYSTEM CONTROL NUMBER
System control number (UPRA)tmp15926555
040 ## - CATALOGING SOURCE
Transcribing agency UPRA
100 1# - MAIN ENTRY--PERSONAL NAME
Personal name Maruyama, Masao.
Linkage A7251.1
245 10 - TITLE STATEMENT
Title Studies in the intellectual history of Tokugawa Japan.
949 ## - LOCAL PROCESSING INFORMATION (OCLC)
a JA84
w lcc
i 33729001714430
m MAIN
p 2500
t BOOK
l ON-SHELF
Holdings
Withdrawn status Lost status Source of classification or shelving scheme Damaged status Not for loan Home library Current library Shelving location Total Checkouts Full call number Barcode Date last seen Copy number Price effective from Koha item type
    Library of Congress Classification     Main Library Main Library On Shelf   JA84 33729001714430 08/21/2019 1 08/21/2019 Book
© 2026 - The University of Zambia Library - Koha v25.11